000
00331pab a2200145 454500
008
180718b2015 xxu||||| |||| 00| 0 eng d
100
_a
Razi, Shahin
245
_a
The continued rural agenda
260
_c
2015
300
_a
p.6-9.
362
_a
Apr
650
_a
Rural development
773
_a
Kurukshetra
909
_a
111347
999
_c
111342
_d
111342